Správa daní a poplatkov

Úplné znenie zákona SNR č.511/1992 Zb. o správe daní a poplatkov a o zmenách v sústave územných finančných orgánov, ako vyplýva zo zmien a doplnení neskorších zákonov, s výkladom.

Gespeichert in:
Bibliographische Detailangaben
1. Verfasser: Kukučková, Valéria
Format: Buchkapitel
Sprache:Slowakisch
Schlagworte:
Tags: Tag hinzufügen
Keine Tags, Fügen Sie das erste Tag hinzu!

MARC

LEADER 00000naa a2200000 4500
001 r018218
005 20221213095542.3
041 0 |a slo 
044 |a SK 
245 1 0 |a Správa daní a poplatkov  |c Valéria Kukučková 
520 |a Úplné znenie zákona SNR č.511/1992 Zb. o správe daní a poplatkov a o zmenách v sústave územných finančných orgánov, ako vyplýva zo zmien a doplnení neskorších zákonov, s výkladom. 
610 2 0 |a zákony 
610 2 0 |a Slovensko 
610 2 0 |a 1992-1995 
610 2 0 |a dane 
610 2 0 |a poplatky 
610 2 0 |a komentáre 
100 1 |a Kukučková, Valéria